• 首页
  • 本馆介绍
  • 公告通知
  • 最新文献
  • 馆藏检索
  • 电子资源
  • 读者导购
  • 参考咨询
  • 我的图书馆
  • 登录
  • 详细信息显示
  • 放入我的书架
  • 预约/预借图书
  • 作者相关作品
  • 分类相关作品
  • 丛书相关作品
  • 出版社相关作品

书目信息

  • 表格格式
  • 工作单格式
  • 卡片格式
题名:
中国北方专用小麦新品种培育及育种技术
    
 
作者: 陈希勇 , 吕亮杰 著
分册:  
出版信息: 天津   天津科学技术出版社  2021.05
页数: 330页
开本: 24cm
丛书名:
单 册:
中图分类: S512.103
科图分类:
主题词: 小麦--xiao mai--作物育种--中国
电子资源:
ISBN: 978-7-5576-9252-0
000 01346nam0 2200265 450
001 CAL 0120217210694
005 20230217093112.0
010    @a978-7-5576-9252-0@dCNY89.00
100    @a20210805d2021 em y0chiy0120 ea
101 0  @achi
102    @aCN@b120000
105    @ay a 000yy
106    @ar
200 1  @a中国北方专用小麦新品种培育及育种技术@Azhong guo bei fang zhuan yong xiao mai xin pin zhong pei yu ji yu zhong ji shu@f陈希勇, 吕亮杰著
210    @a天津@c天津科学技术出版社@d2021.05
215    @a330页@d24cm
314    @a陈希勇, 毕业于中国农业大学农学院、博士、研究员。吕亮杰, 毕业于扬州大学农学院, 博士, 副研究员。
320    @a有书目 (第327-330页)
330    @a本书属于小麦育种技术研究方面的著作, 由中国小麦种植起源与发展、中国北方春小麦与冬小麦、北方小麦种植制度及其技术体系、小麦的遗传学基础、小麦的生产环境研究、小麦的品质育种及策略、新品种北方专用小麦育种技术、北方气候灾害及小麦病虫害防治、小麦机械化生产及生产培育后处理等部分构成, 全书主要研究中国北方小麦的培育流程及育种技术, 分析北方光照、气候、土壤等地理环境对小麦育种的影响以及小麦的培育策略, 阐述中国北方专用新品种小麦的培育与育种技术。
606 0  @a小麦@Axiao mai@x作物育种@y中国
690    @aS512.103@v5
701  0 @a陈希勇@Achen xi yong@4著
701  0 @a吕亮杰@Alu^ liang jie@4著
801  0 @aCN@bBJXHZP@c20230222
905    @b1379446-9@dS512.103@e136@f4
    
    中国北方专用小麦新品种培育及育种技术/陈希勇, 吕亮杰著.-天津:天津科学技术出版社,2021.05
    330页;24cm
    
    
    ISBN 978-7-5576-9252-0:CNY89.00
    本书属于小麦育种技术研究方面的著作, 由中国小麦种植起源与发展、中国北方春小麦与冬小麦、北方小麦种植制度及其技术体系、小麦的遗传学基础、小麦的生产环境研究、小麦的品质育种及策略、新品种北方专用小麦育种技术、北方气候灾害及小麦病虫害防治、小麦机械化生产及生产培育后处理等部分构成, 全书主要研究中国北方小麦的培育流程及育种技术, 分析北方光照、气候、土壤等地理环境对小麦育种的影响以及小麦的培育策略, 阐述中国北方专用新品种小麦的培育与育种技术。
●
相关链接 在E读中查询图书 在五车中查询图书 在当当中查询图书 在豆瓣中查询图书


正题名:中国北方专用小麦新品种培育及育种技术     索取号:S512.103/136         预约/预借

序号 登录号 条形码 馆藏地/架位号 状态 备注
1 1379446   213794465   第二样本阅览室/ [索取号:S512.103/136] 在馆    
2 1379447   213794474   第三借阅区/ [索取号:S512.103/136] 在馆    
3 1379448   213794483   第三借阅区/ [索取号:S512.103/136] 在馆    
4 1379449   213794492   第三借阅区/ [索取号:S512.103/136] 在馆    
唐山师范学院图书馆 欢迎您!
大连网信软件有限公司© 版权所有